| 000 | 00437nam a2200181Ia 4500 | ||
|---|---|---|---|
| 008 | 230524s9999 xx 000 0 und d | ||
| 020 | _a8121918500 | ||
| 082 |
_a621.3892 _bTHA |
||
| 100 | _aB.L.Theraja | ||
| 245 | 0 | _aElectronic Devices and Circuits | |
| 250 | _a1ST | ||
| 260 |
_aNEW DELHI _bS.Chand _c1999 |
||
| 300 | _aVIII;484 | ||
| 500 | _aQuantity Number: 1 | ||
| 650 | _aElectronics | ||
| 700 | _a A.K.Theraja | ||
| 942 | _cBK | ||
| 999 |
_c9874 _d9874 |
||